Statistics for 前苏联加盟国Members in USSR

Click here to take the quiz!

General Stats

  • This quiz has been taken 429 times
  • The average score is 14 of 15

Answer Stats

加盟国% Correct
俄罗斯苏维埃联邦社会主义共和国
98%
乌克兰苏维埃社会主义共和国
98%
白俄罗斯苏维埃社会主义共和国
97%
哈萨克苏维埃社会主义共和国
96%
吉尔吉斯苏维埃社会主义共和国
95%
立陶宛苏维埃社会主义共和国
94%
塔吉克苏维埃社会主义共和国
92%
乌兹别克苏维埃社会主义共和国
92%
爱沙尼亚苏维埃社会主义共和国
91%
拉脱维亚苏维埃社会主义共和国
89%
格鲁吉亚苏维埃社会主义共和国
89%
阿塞拜疆苏维埃社会主义共和国
88%
土库曼苏维埃社会主义共和国
88%
亚美尼亚苏维埃社会主义共和国
87%
摩尔达维亚苏维埃社会主义共和国
71%

Score Distribution

Percentile by Number Answered

Percent of People with Each Score

Your Score History

You have not taken this quiz